000 00673nam a2200205 a 4500
001 BRCA_6851
005 20190320205621.0
008 091111s1942----mx-a######---#000-0#spa-#
041 _aspa
044 _amx
050 4 _aAY434
_b.G353 1942
245 1 0 _a117o. Calendario de Mariano Galván Rivera
_bpara el año de 1943 arreglado al meridiano de México con la hora que rige en el centro de la Republica.
_cMariano Galván.
260 _aMéxico
_bAntigua Imprenta de Murguía
_c1942
300 _a150 p.
_bil.
_c15 cm.
500 _aL137
650 1 4 _aAlmanaques mexicanos
_912906
700 1 _aGalván Rivera, Mariano
_eEditor
_917083
902 _aGFM
942 _2lcc
_cB
999 _c6534
_d6534